Speedway World Under 21 Medalists - Statistics

General Stats
  • This quiz has been taken 45 times
    6 since last reset
  • The average score is 33 of 83
Answer Stats
Hint Answer % Correct
2007, 2008 Emil Sayfutdinov
100%
2022, 2023 Mateusz Cierniak
100%
2024, 2025 Wiktor Przyjemski
100%
2009, 2010, 2011 Darcy Ward
83%
2019, 2020 Dominik Kubera
83%
2021, 2022 Jakub Miśkowiak
83%
2010, 2011, 2012 Maciej Janowski
83%
2012 Michael Jepsen Jensen
83%
2024, 2025 Nazar Parnitskyi
83%
2013 Patryk Dudek
83%
2016, 2018 Robert Lambert
83%
2004 Robert Miśkowiak
83%
2015 Bartosz Zmarzlik
67%
2007, 2008 Chris Holder
67%
2023 Damian Ratajczak
67%
2000, 2003 Jarosław Hampel
67%
1996, 1997 Jesper B. Jensen
67%
2002, 2005 Krzysztof Kasprzak
67%
1992 Leigh Adams
67%
2012 Mikkel Bech Jensen
67%
2013, 2014 Piotr Pawlicki Jr.
67%
1996 Piotr Protasiewicz
67%
2011 Przemysław Pawlicki
67%
1995, 1996 Ryan Sullivan
67%
2015 Anders Thomsen
50%
2000 Andreas Jonsson
50%
1991 Brian Andersen
50%
2005 Fredrik Lindgren
50%
2020 Jaimon Lidsey
50%
2022 Jan Kvěch
50%
1994, 1995 Jason Crump
50%
2004 Kenneth Bjerre
50%
2017, 2018, 2019 Maksym Drabik
50%
2024 Mathias Pollestad
50%
2016, 2017 Max Fricke
50%
2025 Mikkel Andersen
50%
1991 Morten Andersen
50%
1990 Tony Rickardsson
50%
2006 Antonio Lindbäck
33%
2023 Bartłomiej Kowalski
33%
2017, 2018, 2019 Bartosz Smektała
33%
2003 Chris Harris
33%
2006 Karol Ząbik
33%
2016 Krystian Pieszczek
33%
2000 Krzysztof Cegielski
33%
2021 Mads Hansen
33%
1992 Mark Loram
33%
2014, 2015 Mikkel Michelsen
33%
1998 Robert Dados
33%
1993, 1994 Rune Holta
33%
1997 Scott Nicholls
33%
2021 Wiktor Lampart
33%
1999 Aleš Dryml, Jr.
17%
1989, 1990 Chris Louis
17%
2006 Christian Hefenbrock
17%
2002 David Howe
17%
2001 Dawid Kujawa
17%
1988 Henrik Gustafsson
17%
1992, 1993 Joe Screen
17%
2008, 2009 Jurica Pavlic
17%
1999 Lee Richardson
17%
2001, 2002 Lukáš Dryml
17%
1998 Matej Ferjan
17%
2004 Matej Žagar
17%
2020 Oļegs Mihailovs
17%
2009 Patrick Hougaard
17%
1988 Peter Nahlin
17%
2001 Rafał Okoniewski
17%
1988 Brian Karger
0%
1995 Daniel Andersson
0%
1989 Gert Handberg
0%
1991 Jason Lyons
0%
2013, 2014 Kacper Gomólski
0%
1998 Krzysztof Jabłoński
0%
2010 Maksims Bogdanovs
0%
1993, 1994 Mikael Karlsson
0%
1999 Nigel Sadler
0%
1989 Niklas Karlsson
0%
2007 Paweł Hlib
0%
1997 Rafał Dobrucki
0%
2003 Rafał Szombierski
0%
1990 Rene Aas
0%
2005 Tomáš Suchánek
0%
No matching quizzes found
Score Distribution
Percent of People with Each Score
Percentile by Number Answered
Your Score History
You have not taken this quiz since the last reset